LDR 01004naa#a2200205#i#450# 001 RU\\bibl\120141 005 20260703001515.5 011 ## _a2500-4026 100 ## _a20221231b2022####ek#y0rusy0150####ca 101 0# _aRUS 102 ## _aRU 200 1# _aРАЗРАБОТКА МОДЕЛИ СИСТЕМЫ АВТОМАТИЗИРОВАННОГО МОНИТОРИНГА МАГИСТРАЛЬНЫХ ГАЗОПРОВОДОВ В ЦЕЛЯХ ОБЕСПЕЧЕНИЯ ПОЖАРНОЙ И ПРОМЫШЛЕННОЙ БЕЗОПАСНОСТИ _eЖурнальная статья 210 1# _aЖелезногорск _cФГБОУ ВО Сибирская пожарно-спасательная академия ГПС МЧС России _d2022 215 ## _a9 с. 608 ## _aЖурнальная статья _2local 675 ## _aЛесное хозяйство. Лесоводство. 630 _zRUS 700 #1 _aБурлов _gВ Г 700 #1 _aКузнецов _gЮ Д 700 #1 _aКапицын _gС Ю 856 4# _aapbt-sibpsa.editorum.ru _u